|
|
|
|
| LEADER |
01197nam a2200301 a 4500 |
| 001 |
13591882 |
| 008 |
090705s2005 nyu b 001 0 eng d |
| 010 |
|
|
|a 2004011169
|
| 040 |
|
|
|a DLC
|c DLC
|d DLC
|
| 082 |
0 |
0 |
|a 302.23/0973
|2 22
|
| 100 |
1 |
|
|a Roy, Arundhati.
|
| 245 |
1 |
3 |
|a An ordinary person's guide to empire /
|c Arundhati Roy.
|
| 260 |
|
|
|a New York ;
|a New Delhi :
|b Penguin\Viking ;
|a Cambridge, Mass. :
|b South End Press,
|c 2005.
|
| 300 |
|
|
|a 423 p. ;
|c 17 cm.
|
| 504 |
|
|
|a Includes bibliographical references (p. 352-406) and index.
|
| 541 |
1 |
|
|e 00015829
|
| 651 |
|
0 |
|a United States
|x Foreign relations
|y 2001-
|
| 651 |
|
0 |
|a United States
|x Politics and government
|y 2001-
|
| 650 |
|
0 |
|a Iraq War, 2003-
|
| 650 |
|
0 |
|a Imperialism.
|
| 650 |
|
0 |
|a World politics
|y 1945-1989.
|
| 650 |
|
0 |
|a World politics
|y 1989-
|
| 650 |
|
0 |
|a Globalization
|x Social aspects.
|
| 650 |
|
0 |
|a Globalization
|x Political aspects.
|
| 650 |
|
0 |
|a Social movements.
|
| 650 |
|
0 |
|a Mass media
|x Political aspects.
|
| 999 |
|
|
|c 2007
|d 2007
|
| 952 |
|
|
|0 0
|1 0
|2 ddc
|4 0
|6 302_230000000000000_0973_ROY_2005
|7 0
|9 1844
|a BRACUL
|b BRACUL
|c GEN
|d 2009-07-05
|g 250.00
|l 2
|m 43
|o 302.230973 ROY
|p 3010015829
|r 2025-10-16
|s 2024-10-22
|t 1
|v 500.00
|w 2009-07-05
|y BK
|